Mammal photography and observation : a practical field guide /

Bibliographic Details
Main Author: Warner, Leonard J.
Format: Book
Language:English
Published: London ; New York : Academic Press, 1978.
Subjects:

MARC

Tag First Indicator Second Indicator Subfields
LEADER 00000cam a2200000 i 4500
001 in00000254821
005 20151010054536.0
008 790625s1978 enka b 00110 eng
010 |a  78054543  
015 |a GB*** 
020 |a 0127356509 
035 |a (OCoLC)05021221 
035 |9 ABC8129AM 
040 |a DLC  |c DLC  |d TXA  |d UtOrBLW 
043 |a e-uk--- 
049 |a TXAM  |c [1188755] 
050 0 0 |a TR727  |b .W37 
082 0 |a 778.9/32 
100 1 |a Warner, Leonard J. 
245 1 0 |a Mammal photography and observation :  |b a practical field guide /  |c Leonard J. Warner. 
264 1 |a London ;  |a New York :  |b Academic Press,  |c 1978. 
300 |a xix, 244 pages :  |b illustrations ;  |c 25 cm. 
336 |a text  |b txt  |2 rdacontent 
337 |a unmediated  |b n  |2 rdamedia 
338 |a volume  |b nc  |2 rdacarrier 
500 |a Includes index. 
504 |a Bibliography: pages 237-239. 
650 0 |a Photography of animals. 
650 0 |a Wildlife watching  |z Great Britain. 
650 0 |a Mammals  |z Great Britain. 
999 |a MARS 
999 f f |s bd9da538-fd7d-3ac8-b5bc-26d7da38fdc6  |i ee3c8ee8-17b0-3ba1-a4de-7a3c4535c254  |t 0 
952 f f |p ric  |a Texas A&M University  |b Rellis Campus  |c Joint Library Facility  |d Remote Storage  |t 0  |e TR727 .W37  |h Library of Congress classification  |i unmediated -- volume  |m A14805631251 
998 f f |a TR727 .W37  |t 0  |l Remote Storage